| 000 | 00823nam a2200205Ia 4500 | ||
|---|---|---|---|
| 999 |
_c45283 _d45283 |
||
| 003 | GCL | ||
| 005 | 20240530104159.0 | ||
| 008 | 140319s9999 xx 000 0 ara d | ||
| 040 |
_aGCL / _cGCL |
||
| 082 | 0 | 4 |
_a332.1221 _bا ب |
| 100 | 1 | _aالسيد محمد باقر الصدر | |
| 245 | 1 | 0 |
_aالبنك اللاربوى فى الاسلام : _bاطروحة للتعويض عن الربا ودراسة لكافة اوجه نشاطات البنوك فى ضوءالفقه الاسلامى / _cالسيد محمد باقر الصدر |
| 260 |
_aبيروت : _bدار التعارف للمطبوعات ، _c1990 |
||
| 300 | _a248 ص | ||
| 650 | 0 | 4 | _aالاقتصاد الاسلامى |
| 650 | 0 | 4 | _aالربا |
| 650 | 0 | 4 | _aالاسلام والبنوك |
| 650 | 0 | 4 | _aالبنوك الاسلامية |
| 942 |
_2ddc _cBK |
||